| 000 | 00832cam a22002897a 4500 | ||
|---|---|---|---|
| 001 | 11844841 | ||
| 003 | OSt | ||
| 005 | 20160511090332.0 | ||
| 008 | 991117s2001 inua 001 0 eng d | ||
| 010 | _a 99069020 | ||
| 020 | _a0789723700 | ||
| 020 | _a9780789723703 | ||
| 035 | _a(DLC)11844841 | ||
| 040 | _aSEKU | ||
| 042 | _alccopycat | ||
| 050 | 0 | 0 |
_aTK 5105.888 _b.V4 |
| 100 | 1 | _aVeen, Jeffrey. | |
| 245 | 1 | 4 |
_aThe art & science of Web design / _cJeffrey Veen. |
| 246 | 3 | _aArt and science of Web design | |
| 260 |
_aIndianapolis, Ind. : _bNew Riders, _cc2001. |
||
| 300 |
_axi, 259 p. : _bcol. ill. ; _c23 cm. |
||
| 500 | _aIncludes index. | ||
| 650 | 0 |
_aWeb sites _xDesign. |
|
| 942 |
_2lcc _cGEN |
||
| 999 |
_c13699 _d13699 |
||